| 000 | 00510nam a2200181Ia 4500 | ||
|---|---|---|---|
| 001 | 24216 | ||
| 005 | 20260414151028.0 | ||
| 008 | 260414t2018||||xx |||||||||||||| ||spa|| | ||
| 041 | _aESP | ||
| 082 |
_a794.81 _bS741 |
||
| 100 |
_aShannon, Tom _eAUT |
||
| 245 | 0 |
_aUnreal engine 4 for design visualization : _bdeveloping stunning interactive visualizations, animations, and renderings |
|
| 260 | _c2018 | ||
| 300 |
_a362 páginas : _c23 cm. |
||
| 650 | _aABD | ||
| 654 | _aCAU | ||
| 942 |
_cLIB _dJUS _fJUS _2ddc _n |
||
| 999 |
_c24216 _d24216 |
||